Judgement of tears / (Record no. 6079)

MARC details
000 -LEADER
fixed length control field 00521nam a22001932 4500
001 - CONTROL NUMBER
control field 0000002882
005 - DATE AND TIME OF LATEST TRANSACTION
control field 20151217151907.0
008 - FIXED-LENGTH DATA ELEMENTS--GENERAL INFORMATION
fixed length control field 070420s xx 000 0 eng d
020 ## - INTERNATIONAL STANDARD BOOK NUMBER
International Standard Book Number 0786705582 :
040 ## - CATALOGING SOURCE
Original cataloging agency KABU
Transcribing agency KABU
050 #0 - LIBRARY OF CONGRESS CALL NUMBER
Classification number PS3564
Item number .E96J84
100 1# - MAIN ENTRY--PERSONAL NAME
Personal name Newman, Kim.
-- 0000152386
245 10 - TITLE STATEMENT
Title Judgement of tears /
Statement of responsibility, etc. Anno Dracula 1959-.
260 ## - PUBLICATION, DISTRIBUTION, ETC. (IMPRINT)
Place of publication, distribution, etc. New York :
Name of publisher, distributor, etc. Carrol & Graf,
Date of publication, distribution, etc. 1998.
300 ## - PHYSICAL DESCRIPTION
Extent 291 p.
908 ## - PUT COMMAND PARAMETER (RLIN)
Put command parameter 070420
950 ## - LOCAL HOLDINGS (RLIN)
-- 1
Holdings
Withdrawn status Lost status Source of classification or shelving scheme Not for loan Home library Current library Date acquired Total Checkouts Full call number Barcode Date last seen Date last checked out Price effective from Koha item type
    Library of Congress Classification   Kabarak, Main Campus Kabarak, Main Campus 17/12/2015 2 PS3564 .E96J84 004574 11/11/2025 25/10/2025 17/12/2015 General Collection
Designed with assistance from East African Informatics Ltd